| 000 | 00734nam0a22002411 4500 | ||
|---|---|---|---|
| 001 | rc\173137 | ||
| 005 | 20250620220328.0 | ||
| 010 |
_a5-7727-0001-4 _9100000 |
||
| 035 | _a(NLR Aleph) 005435044 | ||
| 090 |
_a4697524 _c4697524 |
||
| 100 | _a20030307d1996 |||y0rusy50 ca | ||
| 101 | 0 | _arus | |
| 102 | _aRU | ||
| 105 | _aa ||||||||| | ||
| 200 | 1 |
_aОт фонаря _e[Кроссворды, анекдоты и все самое смешное] _eАльманах _fРед. Б. Владимиров |
|
| 210 |
_aМ. _cLBL-press _d1996 |
||
| 215 |
_a78, [1] с. _cил. _d20 |
||
| 702 | 1 |
_aВладимиров _bБ. _4340 |
|
| 801 | 0 |
_aRU _bNLR _gpsbo |
|
| 801 | 1 |
_aRU _bELAR _2rusmarc |
|
| 852 |
_aNLR _j96-4/11908 |
||
| 942 | _cBOOK | ||
| 980 | _aNB | ||